<?xml version="1.0" encoding="UTF-8"?>
<record
    xmlns:xsi="http://www.w3.org/2001/XMLSchema-instance"
    xsi:schemaLocation="http://www.loc.gov/MARC21/slim http://www.loc.gov/standards/marcxml/schema/MARC21slim.xsd"
    xmlns="http://www.loc.gov/MARC21/slim">

  <leader>03518cam a22003857i 4500</leader>
  <controlfield tag="001">20070139</controlfield>
  <controlfield tag="003">EG-ScBUE</controlfield>
  <controlfield tag="005">20220620120508.0</controlfield>
  <controlfield tag="008">171017t2018    enka   f d    000 0 eng d</controlfield>
  <datafield tag="020" ind1=" " ind2=" ">
    <subfield code="a">9780500021491</subfield>
  </datafield>
  <datafield tag="035" ind1=" " ind2=" ">
    <subfield code="a">(OCoLC)on1026327355</subfield>
  </datafield>
  <datafield tag="040" ind1=" " ind2=" ">
    <subfield code="a">ERASA</subfield>
    <subfield code="b">eng</subfield>
    <subfield code="e">rda</subfield>
    <subfield code="c">ERASA</subfield>
    <subfield code="d">YDX</subfield>
    <subfield code="d">BDX</subfield>
    <subfield code="d">CDX</subfield>
    <subfield code="d">OCLCF</subfield>
    <subfield code="d">NYP</subfield>
    <subfield code="d">U3G</subfield>
    <subfield code="d">UVV</subfield>
    <subfield code="d">NRC</subfield>
    <subfield code="d">VP@</subfield>
    <subfield code="d">OCL</subfield>
    <subfield code="d">OCLCQ</subfield>
    <subfield code="d">DLC</subfield>
    <subfield code="d">EG-ScBUE</subfield>
  </datafield>
  <datafield tag="043" ind1=" " ind2=" ">
    <subfield code="a">e-uk-en</subfield>
  </datafield>
  <datafield tag="082" ind1="0" ind2="4">
    <subfield code="a">746.92</subfield>
    <subfield code="b">AND</subfield>
    <subfield code="2">22</subfield>
  </datafield>
  <datafield tag="100" ind1="1" ind2=" ">
    <subfield code="a">Anderson, Richard,</subfield>
    <subfield code="d">1964-</subfield>
    <subfield code="e">author.</subfield>
  </datafield>
  <datafield tag="245" ind1="1" ind2="0">
    <subfield code="a">Making the cut :</subfield>
    <subfield code="b">stories of sartorial icons by Savile Row's master tailor : with 230 illustrations /</subfield>
    <subfield code="c">Richard Anderson.</subfield>
  </datafield>
  <datafield tag="264" ind1=" " ind2="1">
    <subfield code="a">London :</subfield>
    <subfield code="b">Thames &amp; Hudson,</subfield>
    <subfield code="c">[2018]</subfield>
  </datafield>
  <datafield tag="264" ind1=" " ind2="4">
    <subfield code="c">c2018</subfield>
  </datafield>
  <datafield tag="300" ind1=" " ind2=" ">
    <subfield code="a">207 pages :</subfield>
    <subfield code="b">illustrations (chiefly color) ;</subfield>
    <subfield code="c">30 cm</subfield>
  </datafield>
  <datafield tag="336" ind1=" " ind2=" ">
    <subfield code="a">text</subfield>
    <subfield code="b">txt</subfield>
    <subfield code="2">rdacontent</subfield>
  </datafield>
  <datafield tag="337" ind1=" " ind2=" ">
    <subfield code="a">unmediated</subfield>
    <subfield code="b">n</subfield>
    <subfield code="2">rdamedia</subfield>
  </datafield>
  <datafield tag="338" ind1=" " ind2=" ">
    <subfield code="a">volume</subfield>
    <subfield code="b">nc</subfield>
    <subfield code="2">rdacarrier</subfield>
  </datafield>
  <datafield tag="500" ind1=" " ind2=" ">
    <subfield code="a">Includes glossary.</subfield>
  </datafield>
  <datafield tag="505" ind1="0" ind2="0">
    <subfield code="g">Machine generated contents note:</subfield>
    <subfield code="t">A Good Shape: Pattern-And Suitmaking Basics --</subfield>
    <subfield code="t">Light Fare --</subfield>
    <subfield code="t">Single-Breasted Red Seersucker Coat with Double-Breasted Peaked Lapel --</subfield>
    <subfield code="t">Single-Breasted Turquoise Crepe Coat --</subfield>
    <subfield code="t">Single-Breasted Lilac Gabardine Asymmetric Coat --</subfield>
    <subfield code="t">Single-Breasted Cream Linen Waistcoat --</subfield>
    <subfield code="t">Mint-Green Cash-Cot Safari Coat --</subfield>
    <subfield code="t">Double-Breasted Navy Blue Cashmere-Silk Dressing Gown --</subfield>
    <subfield code="t">Strong Suits --</subfield>
    <subfield code="t">Single-Breasted Japanese Denim Suit --</subfield>
    <subfield code="t">Double-Breasted Suit in Black Asymmetric Pinstripe --</subfield>
    <subfield code="t">Single-Breasted Suit in `Harvey Check' --</subfield>
    <subfield code="t">Atypical Tweeds --</subfield>
    <subfield code="t">Single-Breasted Coat in Patchwork Tweed --</subfield>
    <subfield code="t">Single-Breasted Three-Piece Suit in Italian Donegal Tweed --</subfield>
    <subfield code="t">Two-Piece Shooting Suit with Pleated Back in Lovat Thornproof Tweed --</subfield>
    <subfield code="t">Single-Breasted Coat in Ardalanish Pebble Diamond Twill --</subfield>
    <subfield code="t">Top Coats --</subfield>
    <subfield code="t">Classic Pea Coat in Orange Billiard-Table Baize --</subfield>
    <subfield code="t">Red Melton Duffel Coat --</subfield>
    <subfield code="t">Single-Breasted Orange Cord Raglan Car Coat --</subfield>
    <subfield code="t">Classic Bomber Jacket in Irish Donegal Tweed --</subfield>
    <subfield code="t">Double-Breasted Large Black-and-White Prince of Wales Check Overcoat --</subfield>
    <subfield code="t">Single-Breasted Black Alpaca Dress Overcoat --</subfield>
    <subfield code="t">Regalia Redux --</subfield>
    <subfield code="t">Single-Breasted Two-Button Frock Coat in Black Barathea --</subfield>
    <subfield code="t">Tartan Morning Coat --</subfield>
    <subfield code="t">Hunt Morning Coat in Scarlet Cashmere --</subfield>
    <subfield code="t">Charcoal Nehru Coat with Polka-Dot Lining --</subfield>
    <subfield code="t">Light Blue Single-Breasted Dinner Jacket in Wool Denim --</subfield>
    <subfield code="t">Single-Breasted Black Sequined Dinner Jacket.</subfield>
  </datafield>
  <datafield tag="520" ind1="8" ind2=" ">
    <subfield code="a">Bespoke tailoring has been synonymous with 'Savile Row' for more than 150 years. Its venerable institutions are responsible for producing the world's most exquisite suits for elite clients, who include celebrated entertainers, athletes, businessmen, politicians, and royals. Now, as the Row moves firmly into the twenty- first century, its tailors are embracing unusual fabrics, new colors, and modern tastes to update its long- held traditions and reach an ever broader client base. Master cutter Richard Anderson has worked on 'Savile Row' for more than thirty-five years. In 'Making the Cut', he combines memoir with tailoring know- how, showcasing twenty- five classic menswear designs that have been creatively adapted in new and unusual ways for the modern gentleman.</subfield>
  </datafield>
  <datafield tag="650" ind1=" " ind2="7">
    <subfield code="a">Garment cutting.</subfield>
    <subfield code="2">BUEsh</subfield>
  </datafield>
  <datafield tag="650" ind1=" " ind2="7">
    <subfield code="a">Men's clothing</subfield>
    <subfield code="z">England</subfield>
    <subfield code="z">London.</subfield>
    <subfield code="2">BUEsh</subfield>
  </datafield>
  <datafield tag="650" ind1=" " ind2="7">
    <subfield code="a">Tailoring</subfield>
    <subfield code="z">England</subfield>
    <subfield code="z">London.</subfield>
    <subfield code="2">BUEsh</subfield>
  </datafield>
  <datafield tag="653" ind1=" " ind2=" ">
    <subfield code="b">GGEN</subfield>
    <subfield code="c">August2021</subfield>
  </datafield>
  <datafield tag="655" ind1=" " ind2=" ">
    <subfield code="v">Reading book</subfield>
    <subfield code="9">34232</subfield>
  </datafield>
  <datafield tag="906" ind1=" " ind2=" ">
    <subfield code="a">7</subfield>
    <subfield code="b">cbc</subfield>
    <subfield code="c">copycat</subfield>
    <subfield code="d">2</subfield>
    <subfield code="e">epcn</subfield>
    <subfield code="f">20</subfield>
    <subfield code="g">y-gencatlg</subfield>
  </datafield>
  <datafield tag="942" ind1=" " ind2=" ">
    <subfield code="2">ddc</subfield>
    <subfield code="c">BB</subfield>
  </datafield>
  <datafield tag="999" ind1=" " ind2=" ">
    <subfield code="c">29303</subfield>
    <subfield code="d">29274</subfield>
  </datafield>
  <datafield tag="952" ind1=" " ind2=" ">
    <subfield code="0">0</subfield>
    <subfield code="1">0</subfield>
    <subfield code="2">ddc</subfield>
    <subfield code="4">0</subfield>
    <subfield code="7">0</subfield>
    <subfield code="8">Alahram</subfield>
    <subfield code="a">MAIN</subfield>
    <subfield code="b">MAIN</subfield>
    <subfield code="c">2ND</subfield>
    <subfield code="d">2021-08-03</subfield>
    <subfield code="e">Purchase</subfield>
    <subfield code="g">599.00</subfield>
    <subfield code="h">274</subfield>
    <subfield code="o">746.92 AND</subfield>
    <subfield code="p">000050469</subfield>
    <subfield code="r">2025-07-15 00:00:00</subfield>
    <subfield code="v">748.75</subfield>
    <subfield code="w">2021-08-03</subfield>
    <subfield code="y">BB</subfield>
  </datafield>
</record>
